| 000 | 00347nam a22001457a 4500 | ||
|---|---|---|---|
| 020 | _a9789693505481 | ||
| 082 | _a891.4393 QUD | ||
| 100 | _aQudratullah, Shahab | ||
| 245 | _aYa Khuda (Urdu) | ||
| 260 |
_aLahore _bSang-e-Meel Publications _c2008 |
||
| 300 | _a102 p. | ||
| 500 | _aIncludes index | ||
| 650 | _aUrdu Literature-Novel | ||
| 942 | _cBK | ||
| 999 |
_c13465 _d13465 |
||